Science Quiz

Random Science or Math Quiz

Simpson's Mathematics IV Quiz Stats

 Plays Quiz not verified by Sporcle

Challenge
Share
Tweet
Embed
Score 0/15 Timer 07:00
0 Plays Today
Episode: Intro Answer % Correct
Marge in Chains
Apu's memory is questioned in court, and he responds that he can recite pi to forty thousand places. And he averred that the last digit was 1.
Japan
69.9%
The Fight Before Christmas
Freeze-frame gag.
e
67.1%
The Mook, the Chef, the Wife, and her Homer
Fat Tony hands his son his math book: Michael, my son, here is your book - and never forget, the divisor goes into the dividend.
Quotient
63%
Colonel Homer
Freeze-frame gag.
Springfield Googolplex
57.5%
Homer3
Reusing a gag they had already used, an erroneous equation appears:
178212 + 184112 = 192212.
Even; Odd
50.7%
MoneyBART
Freeze-frame gag.
Euler's equation
41.1%
Homer3
In the three-dimensional world, an apparently random series of numbers and letters float past Homer: 46 72 69 6E 6B 20 72 75 6C 65 73 21.
Hexadecimal
39.7%
Homer3
Honoring 'Little Girl Lost' (Twilight Zone), Homer passes through a portal, slips into a third-dimensional world.
Hypercube
37%
Episode: Intro Answer % Correct
Lisa's Sax
Homer and Marge consider sending Lisa to Miss Tillingham's School for Snotty Girls and Mama's Boys.
Base-10
32.9%
Mountain of Madness
Smithers: [sighs] All right, you can come. What time is it?
Bart: 12:80. No wait. Wait. Wh-what comes after 12?
Modular Arithmetic
28.8%
Bart the Genius
Freeze-frame gag.
Anatoly Karpov
15.1%
Not from the show; deserves mention
A higher proportion of Republicans than Democrats voted for the Civil Rights Act of 1964.
Simpson's Paradox
9.6%
Not from the show; deserves mention
Simpson's Rule
9.6%
Homer3
The five-minute three-dimensional portion of the episode was cutting edge in its time and cost more to produce than an entire regular episode.
PDI
8.2%
Homer3
As the 3-dimensional universe fades, one sees a few mathematical formulas, including N = NP.
Nondeterministic Polynomial
6.8%

You're not logged in!

Compare scores with friends on all Sporcle quizzes.
OR
Log In

You Might Also Like...

Show Comments

Extras

Top Quizzes Today


Score Distribution

Your Account Isn't Verified!

In order to create a playlist on Sporcle, you need to verify the email address you used during registration. Go to your Sporcle Settings to finish the process.

Report this User

Report this user for behavior that violates our Community Guidelines.

Details: